Κατάλογος Βιβλιοθηκών Mediterranean College

Modern Industrial Organization (Record no. 2801)

MARC details
000 -LEADER
fixed length control field 01392cam a22002054a 4500
005 - ΗΜΕΡΟΜΗΝΙΑ ΚΑΙ ΩΡΑ ΤΕΛΕΥΤΑΙΑΣ ΕΝΗΜΕΡΩΣΗΣ
Πεδίο ελέγχου 20250605164054.0
008 - FIXED-LENGTH DATA ELEMENTS--GENERAL INFORMATION
Πεδίο ελέγχου σταθερού μήκους 250528s ||||||||||||||||||||||||d
035 ## - SYSTEM CONTROL NUMBER
System control number 17378
020 ## - ISBN
ISBN 67318062
040 ## - ΠΗΓΗ ΚΑΤΑΛΟΓΟΓΡΑΦΗΣΗΣ
Φορέας πρωτότυπης καταλογογράφησης MC Athens Campus Library
Γλώσσα καταλογογράφησης Ελληνικά, Μοντέρνα (1453-)
Modifying agency MC Athens Campus Library
Κανόνες περιγραφικής καταλογογράφησης AACR2
245 1# - ΤΙΤΛΟΣ ΚΑΙ ΔΗΛΩΣΗ ΥΠΕΥΘΥΝΟΤΗΤΑΣ
Τίτλος Modern Industrial Organization
260 ## - PUBLICATION, DISTRIBUTION, ETC.
Name of publisher, distributor, etc. Harper Collins Publishers,
Date of publication, distribution, etc. 1990
300 ## - PHYSICAL DESCRIPTION
Extent 880
520 ## - SUMMARY, ETC.
Summary, etc. Introduction, Overview, Basic Theory, Theory of the Firm, Costs, Competition and Monopoly, Competition and Monopoly in Markets with Externalities, Other Market Structures, U.S. Market Structure and Merger Activity and Entry Barriers, A Dominant Firm a Competitive Fringe, Cartels: Oligopoly Joint Decision Making, Noncooperative Oligopoly, Product Differentiation and Monopolistic Competition, Industry Structure and Performance, Business Practices, Strategic Behavior, Price Discrimination, Advanced Topics in Pricing, Verical Integration and Verical Restrictions, Information and Advertising and Disclosure, Advertising and Disclosure, Dynamic Models and Market Clearng, Decision Making Over Time: Durability, Patents and Technological Change, How Markets Clear: Theory and Facts, Government Policies and Their Effects, Antitrust Laws and Policy, Regulation, Author and Subject Index.
700 1# - ΠΡΟΣΘΕΤΗ ΑΝΑΓΡΑΦΗ--ΦΥΣΙΚΟ ΠΡΟΣΩΠΟ
Personal name Carlton Dennis W
9 (RLIN) 3535
700 1# - ΠΡΟΣΘΕΤΗ ΑΝΑΓΡΑΦΗ--ΦΥΣΙΚΟ ΠΡΟΣΩΠΟ
Personal name Perloff Jeffrey M
9 (RLIN) 3536
942 ## - ADDED ENTRY ELEMENTS (KOHA)
Koha item type Books
Holdings
Τύπος τεκμηρίου Βιβλιοθήκη Τρέχουσα τοποθεσία Barcode Αριθμός εισαγωγής Ημερομηνία απόκτησης Ταξιθετικό σύμβολο Αριθμός αντιτύπου Κατάσταση απόσυρσης Κατάσταση χαμένου Κατάσταση κατεστραμμένου Μη δανεισμός Σύνολο δανεισμών Ημερομηνία τελευταίας εμφάνισης Η τιμή ισχύει από
Books MC Athens Campus Library MC Athens Campus Library 9780000028006 1069 05/06/2025 338.6 CAR 1           05/06/2025 05/06/2025

MC Athens Campus Library
Πατησίων 94 & Κοδριγκτώνος 13, 104 34
Πελλήνης 8 & Πατησίων 107, 112 51
Τ: +30 210 8899600

MC Thessaloniki Campus Library
Ίωνος Δραγούμη 21, 54625 | Ίωνος Δραγούμη 15, 54625
Τ: +30 2310 287779 – Τ: +30 2314 440300